Ngàn năm thương nhớ đất Thăng Long

Sưu tập, tuyển chọn những tác phẩm văn học nghệ thuật về đề tài Thăng Long - Hà Nội với ý nghĩa vinh danh lịch sử, cuộc sống, con người và cảnh quan thủ đô qua ngàn năm văn hiến.

Uloženo v:
Podrobná bibliografie
Médium: Kniha
Jazyk:Undetermined
Vydáno: Hà Nội Nhà xuất bản Hà Nội 2010
Témata:
Tagy: Přidat tag
Žádné tagy, Buďte první, kdo otaguje tento záznam!
Thư viện lưu trữ: Trung tâm Học liệu Trường Đại học Cần Thơ
LEADER 00970nam a2200193Ia 4500
001 CTU_164439
008 210402s9999 xx 000 0 und d
082 |a 895.92208 
082 |b Ng105 
245 0 |a Ngàn năm thương nhớ đất Thăng Long 
245 0 |c Nguyễn Hữu Sơn , Bùi Việt Thắng , Đoàn Ánh Dương (Chủ trì) 
260 |a Hà Nội 
260 |b Nhà xuất bản Hà Nội 
260 |c 2010 
520 |a Sưu tập, tuyển chọn những tác phẩm văn học nghệ thuật về đề tài Thăng Long - Hà Nội với ý nghĩa vinh danh lịch sử, cuộc sống, con người và cảnh quan thủ đô qua ngàn năm văn hiến. 
650 |a Hanoi (Vietnam),Vietnam literature,Hà Nội (Việt Nam),Văn học Việt Nam 
650 |z Vietnam,Việt Nam 
904 |i NThơ 
980 |a Trung tâm Học liệu Trường Đại học Cần Thơ